Provincias cuyos municipios más poblados tengan iniciales idénticas - Estadísticas

Estadísticas generales
  • Esta prueba ha sido intentada 42 veces
  • La puntuación promedio es 19 de 26
Estadísticas de respuestas
Población Respuesta % Correcto
3.422.416 M{adrid}
97%
{Ávila}
94%
59.119 Á{vila}
94%
{Madrid}
94%
{Ourense}*
89%
104.725 O{urense}
89%
{Toledo}
89%
86.281 T{oledo}
89%
{Málaga}
86%
592.346 M{álaga}
86%
{Salamanca}
86%
144.458 S{alamanca}
86%
213.268 M{óstoles}
81%
347.342 B{ilbao}
78%
159.054 M{arbella}
75%
85.138 T{alavera de la Reina}
72%
{Santa Cruz de Tenerife}
69%
210.486 S{anta Cruz de Tenerife}
69%
101.869 B{aracaldo}
58%
{Vizcaya}
56%
92.211 M{ijas}
47%
160.855 S{an Cristóbal de La Laguna}
47%
14.707 S{anta Marta de Tormes}
42%
7.858 A{révalo}
39%
6.470 A{renas de San Pedro}
31%
14.078 O {Carballiño}
31%
No se encontraron pruebas coincidentes
Distribución de puntuación
Porcentaje de gente con cada puntuación
Porcentaje por número respondido
Historial de tus puntuaciones
No has intentado esta prueba.